Ocenivanije fazovovo sostojanija dinamičeskich sistem. Metod ellipsoidov /

Salvato in:
Dettagli Bibliografici
Autore principale: Černousko, Feliks Leonidovič (Autore)
Natura: Libro
Pubblicazione: Moskva : Nauka, 1988
Tags: Aggiungi Tag
Nessun Tag, puoi essere il primo ad aggiungerne!!

MARC

LEADER 00000nam a22000003a 4500
001 stu14556
005 20150617225800.2
008 ------s1988----xxr---------------------d
040 |a STU  |b slo 
041 0
044 |a xxr 
080 |a 517.977 
100 1 |a Černousko, Feliks Leonidovič  |4 aut 
245 1 |a Ocenivanije fazovovo sostojanija dinamičeskich sistem. Metod ellipsoidov /  |c [aut.]Černousko,Feliks Leonidovič 
260 |a Moskva :  |b Nauka,  |c 1988 
300 |a 319 s :  |b Grafy,lit 
996 |b C83753  |c C*83753  |l CCXVI  |s P  |a 0  |w stu14556_0001